LEADER 01510nam 2200457I 450 001 9910709639503321 005 20180606144931.0 035 $a(CKB)5470000002471843 035 $a(OCoLC)1038801565 035 $a(EXLCZ)995470000002471843 100 $a20180606j198305 ua 0 101 0 $aeng 135 $aur||||||||||| 181 $ctxt$2rdacontent 182 $cc$2rdamedia 183 $acr$2rdacarrier 200 10$aEnergy efficient engine high pressure turbine component rig performance test report /$fK.P. Leach 210 1$aCleveland, Ohio :$cNational Aeronautics and Space Administration, Lewis Research Center,$dMay 1983. 215 $a1 online resource (x, 236 pages) $cillustrations 225 1 $aNASA/CR ;$v168189 300 $a"May 1983." 320 $aIncludes bibliographical references (page 236). 606 $aEngine tests$2nasat 606 $aACEE program$2nasat 606 $aGas turbine engines$2nasat 606 $aHigh pressure$2nasat 606 $aEngine parts$2nasat 615 7$aEngine tests. 615 7$aACEE program. 615 7$aGas turbine engines. 615 7$aHigh pressure. 615 7$aEngine parts. 700 $aLeach$b K. P.$01402719 712 02$aLewis Research Center, 712 02$aUnited Technologies Corporation. 801 0$bGPO 801 1$bGPO 906 $aBOOK 912 $a9910709639503321 996 $aEnergy efficient engine high pressure turbine component rig performance test report$93473751 997 $aUNINA